000 00368nam a2200157 4500
008 190329s2004||||xo d
100 1 _aBednárik Ján
_91019
245 1 0 _aWindows XP
250 _a1.vydanie
260 _bComptuer Press
_aBratislava
_c2004
300 _a384 s.
020 _a80-89190-07-3
_c0
041 1 _aslo
044 _axo
_cSK
958 _aAPR
999 _c22290
_d22290